Score 0/7 Timer 03:00
0 Plays Today
Question Answer Wrong Answers
The current design of the Flag of Canada, featuring this type of leaf, is chosen by an act of Parliament.
1965
Maple
93.2%
Ash
1.4%
Oak
1.8%
Elm
1.1%
Construction begins on this landmark located on the Champ de Mars in Paris, France.
1887
Eiffel Tower
77.5%
Arc de Triomphe
18.3%
Palace of Versailles
2.6%
Sacré-Cœur
1.4%
The US Space Shuttle ________ disintegrates after liftoff, killing all seven astronauts on board.
1986
Challenger
76.3%
Atlantis
2.2%
Columbia
11.4%
Discovery
5.2%
This American abstract impressionist painter, portrayed in a biopic by Ed Harris, is born in Cody, Wyoming.
1912
Jackson Pollock
73.6%
Andy Warhol
20.4%
Mark Rothko
2.5%
Jasper Johns
2.8%
Hundreds of thousands of protesters fill Egypt's streets in the 'Friday of Anger', protesting against the regime of _________.
2011
Hosni Mubarak
68.2%
Muammar Gaddafi
12.4%
Boutros Boutros-Ghali
3.6%
Bashar al-Assad
10.4%
O. J. Simpson is selected as the first overall pick in the NFL draft by this team.
1969
Buffalo Bills
59%
Chicago Bears
10.6%
San Francisco 49ers
22%
Atlanta Falcons
4.4%
At the 60th Grammy Awards, this artist wins Album of the Year for '24K Magic'.
2018
Bruno Mars
56.8%
Jay-Z
13.1%
Lorde
5.8%
Kendrick Lamar
18.5%
Remove Ads.
Support Sporcle.
Get the best of Sporcle when you Go Orange. This ad-free experience offers more features, more stats, and more fun while also helping to support Sporcle. Thank you for becoming a member.

You're not logged in!

Compare scores with friends on all Sporcle quizzes.
OR
Log In

Sporcle TV

Today on Sporcle TV


Watch our educational content, quiz creation guides, and fun videos on Sporcle TV.

Show Comments

Extras

Top Quizzes Today


Score Distribution

Paid Content

Your Account Isn't Verified!

In order to create a playlist on Sporcle, you need to verify the email address you used during registration. Go to your Sporcle Settings to finish the process.

Report this User

Report this user for behavior that violates our Community Guidelines.

Details: